| 000 | 00370nam a2200145Ia 4500 | ||
|---|---|---|---|
| 008 | 230405s9999 xx 000 0 und d | ||
| 020 | _a8185263922 | ||
| 082 |
_a915.4 _bGUPB |
||
| 100 | _aBabu Gangaprasad Gupt | ||
| 245 | 0 | _a Barniya Ki Bharat Yatra (Publication Scheme) | |
| 260 |
_aJaipur _bPublication scheme |
||
| 300 | _a297 | ||
| 650 | _aGeography | ||
| 942 | _cBK | ||
| 999 |
_c1481 _d1481 |
||